Life in the IAS: (Record no. 152461)

MARC details
000 -LEADER
fixed length control field 00610nam a22001937a 4500
005 - DATE AND TIME OF LATEST TRANSACTION
control field 20180605164043.0
010 ## - LCCN (DPL NO)
LC control number ENG-123135
020 ## - INTERNATIONAL STANDARD BOOK NUMBER
Terms of availability 595.00
International Standard Book Number 9788129134899
035 ## - SYSTEM CONTROL NUMBER
System control number EN-106667
037 ## - SOURCE OF ACQUISITION
Source of stock number/acquisition DBAD/PUB
082 ## - DEWEY DECIMAL CLASSIFICATION NUMBER
Classification number 352.63092
100 ## - MAIN ENTRY--PERSONAL NAME
Personal name Varma, Ram
245 ## - TITLE STATEMENT
Title Life in the IAS:
Statement of responsibility, etc by Ram Varma
Remainder of title my encounters with the three lals of Haryana /
260 ## - PUBLICATION, DISTRIBUTION, ETC. (IMPRINT)
Place of publication, distribution, etc New Delhi
Name of publisher, distributor, etc Rupa Publications India
Date of publication, distribution, etc 2017
270 ## - ADDRESS
Address 7/16 Ansari Road,Daryaganj
City New Delhi
Postal code 110002
300 ## - PHYSICAL DESCRIPTION
Extent 320p.
Dimensions 24cm(Hb)
500 ## - GENERAL NOTE
General note It includes glossary and index
942 ## - ADDED ENTRY ELEMENTS (KOHA)
Source of classification or shelving scheme Dewey Decimal Classification
Item type English Books
Call number suffix VAR
Classification part 352.63092
Holdings
Withdrawn status Lost status Not for loan Collection code Home library Current library Date acquired Source of acquisition Cost, normal purchase price Full call number Barcode Copy number Cost, replacement price Koha item type
    Not For Loan Non-fiction D.B.Act.Division Sarojini Nagar 31/05/2018 DBAD/PUB 595.00 352.63092 VAR EN-106667 1 595.00 English Books

© Delhi Public Library
Hit Counter
free hit counter